Balónová ročenka

Další autoři: Kunovský, Jan, 1955-
Jazyk: Čeština
Vydáno: [Brno] : Balóny Kubíček, 2017-
Témata:
Fyzický popis: ^^^svazků ; il. (některé barev.) 21 cm
Odebírané svazky: 2017-2018-
Noviny a časopisy
Uloženo v:
LEADER 01389nas a2200397 i 4500
001 001834221
003 CZ BrMZK
005 20221205122134.0
007 ta
008 131030c20179999xr ar p cze
040 |a BOA001  |b cze  |e rda 
072 7 |a 629  |x Dopravní prostředky  |2 Konspekt  |9 19 
080 |a 797.54  |2 MRF 
080 |a 797.54.071.2  |2 MRF 
080 |a 629.733.3  |2 MRF 
080 |a 629.733.5  |2 MRF 
245 0 0 |a Balónová ročenka 
264 1 |a [Brno] :  |b Balóny Kubíček,  |c 2017- 
300 |a ^^^svazků ;  |c 21 cm  |b il. (některé barev.) 
310 |a 1x ročně 
336 |a text  |b txt  |2 rdacontent 
337 |a bez média  |b n  |2 rdamedia 
338 |a svazek  |b nc  |2 rdacarrier 
541 |c pv-r 
650 0 7 |a vzduchoplavba  |7 ph127304  |2 czenas 
650 0 7 |a balonové létání  |7 ph328395  |2 czenas 
650 0 7 |a balony (létání)  |7 ph369337  |2 czenas 
655 7 |a obrazové publikace  |7 fd132947  |2 czenas 
700 1 |a Kunovský, Jan,  |d 1955-  |7 jn20000700979  |4 aut 
910 |a BOA001  |b 04503-1497.043  |s 2017-2018-  |o 2022 
928 9 |a Balóny Kubíček 
990 |a SE 
995 |a 01 
991 |b 202209 
996 6 |b 2610923757  |c 04503-1497.043  |d 2017  |v 1  |y 2017  |l MZK  |r Sklad / do 1 hodiny  |n 0  |p p.v.-šv.desky  |w 001907677  |u 000020  |a 1  |e BOA001  |j MZK50  |s P 
996 6 |b 2610923758  |c 04503-1497.043  |d 2018  |v 2  |y 2018  |l MZK  |r Sklad / do 1 hodiny  |n 0  |p p.v.  |w 001907677  |u 000010  |a 1  |e BOA001  |j MZK50  |s P